ბათუმის შოთა რუსთაველის სახელმწიფო უნივერსიტეტის ბიბლიოთეკა

პრადო, მადრიდი : (ბიბ.ჩანაწერი № 61247)

000 -ლიდერი
ფიქსირებული სიგრძის საკონტროლო ველი 01420nam a22002537a 4500
003 - საკონტროლო ნომრის იდენტიფიკატორი
საკონტროლო ველი Ge_BSU
005 - ბოლო ოპერაციის თარიღი და დრო
საკონტროლო ველი 20240110143122.0
008 - ფიქსირებული სიგრძის მონაცემთა ელემენტები - ზოგადი ინფორმაცია
ფიქსირებული სიგრძის საკონტროლო ველი 240110s2018 ge ||||| |||| 00| 0 geo d
020 ## - წიგნის საერთაშორისო სტანდარტული ნომერი
International Standard Book Number 9789941249044
041 ## - ენის კოდი
Language code of text/sound track or separate title geo
080 ## - უნივერსალური ათობითი კლასიფიკაციის ინდექსი
Universal Decimal Classification number 069.02:7(460)+75(460) დ-15
100 ## - მთავარი ჩანაწერი - პიროვნების სახელი
Personal name დავერიო, ფილიპ.
9 (RLIN) 21022
245 ## - ცნობა სათაურის შესახებ
Title პრადო, მადრიდი :
Remainder of title ხელოვნების შედევრები - შენს პირად კოლექციაში /
Statement of responsibility, etc ფილიპ დავერიო; მთარგმნელი ეკატერინე კობახიძე; რედაქტორი თამარ ჟურული.
264 ## - წარმოების, გამოცემის, დისტრიბუციის და სხვა ცნობები
გამოცემის, წარმოების, დისტრიბუციის... ადგილი თბილისი :
გამოცემის, წარმოების, დისტრიბუციის... სახელწოდება პალიტრა L,
გამოცემის, წარმოების, დისტრიბუციის... თარიღი 2018.
300 ## - ფიზიკური აღწერა
Extent 128 გვ. :
Other physical details ფოტ. ;
Dimensions 26 სმ.
440 ## - სერიის ცნობა / დამატებულია ჩანაწერი - სათაური
Title მსოფლიოს საუკეთესო მუზეუმები ; წიგნი 3
9 (RLIN) 21023
500 ## - ზოგადი შენიშვნა
General note გარეკანზე ავტორი აღნიშნული არ არის.
653 ## - INDEX TERM--UNCONTROLLED
Uncontrolled term პრადო
653 ## - INDEX TERM--UNCONTROLLED
Uncontrolled term მუზეუმი
653 ## - INDEX TERM--UNCONTROLLED
Uncontrolled term ესპანური ფერწერა.
700 ## - ADDED ENTRY--PERSONAL NAME
Personal name კობახიძე, ეკატერინე
Relator term მთარგმნელი
9 (RLIN) 666
700 ## - ADDED ENTRY--PERSONAL NAME
Personal name ჟურული, თამარ
Relator term რედაქტორი
9 (RLIN) 16161
942 ## - ADDED ENTRY ELEMENTS (KOHA)
Source of classification or shelving scheme
Koha item type წიგნი
ეგზემპლარები
ჩამოწერის სტატუსი დაკარგული ეგზემპლარის სტატუსი კლასიფიკაციის წყარო ან თაროზე გაწყობის სქემა დაზიანების სტატუსი არ გაიცემა მუდმივი მდებარეობა (დაცვის ადგილი) ამჟამინდელი ადგილსამყოფელი თაროზე განთავსების ადგილი შეძენის თარიღი ღირებულება, შესყიდვის ნორმალური ფასი სრული შენახვის შიფრი შტრიხკოდი ბოლო ოპერაციის თარიღი ეგზემპლარის მიმდევრობითი ნომერი (კეტერი?) ფასის ძალაში შესვლის თარიღი ეგზემპლარის სახეობა საჯარო შენიშვნა
          ბათუმის შოთა რუსთაველის სახელმწიფო უნივერსიტეტის მთავარი ბიბლიოთეკა ბათუმის შოთა რუსთაველის სახელმწიფო უნივერსიტეტის მთავარი ბიბლიოთეკა წიგნსაცავი 2024-01-10 25.00 069.02:7(460)+75(460) დ-15 67014 2024-01-10 67014 2024-01-10 წიგნი 25 ლ.
          ტექნოლოგიური ფაკულტეტის ბიბლიოთეკა ტექნოლოგიური ფაკულტეტის ბიბლიოთეკა წიგნსაცავი 2024-07-18 25.00 069.02:7(460)+75(460) დ-15 68778 2024-07-18 68778 2024-07-18 წიგნი 25.00